Global Economic Prospects and the Developing Countries 2003: Investing to Unlock Global Opportunities (Record no. 7285)
[ view plain ]
| 000 -LEADER | |
|---|---|
| fixed length control field | 00502 a2200157 4500 |
| 020 ## - INTERNATIONAL STANDARD BOOK NUMBER | |
| International Standard Book Number | 0821353381 |
| 040 ## - CATALOGING SOURCE | |
| Original cataloging agency | DLC |
| Language of cataloging | DLC |
| 082 ## - DEWEY DECIMAL CLASSIFICATION NUMBER | |
| Classification number | 337.3 |
| 100 ## - MAIN ENTRY--PERSONAL NAME | |
| Personal name | World Bank Group |
| 245 ## - TITLE STATEMENT | |
| Title | Global Economic Prospects and the Developing Countries 2003: Investing to Unlock Global Opportunities |
| Statement of responsibility, etc. | World Bank Group |
| 260 ## - PUBLICATION, DISTRIBUTION, ETC. | |
| Place of publication, distribution, etc. | Washington: |
| Name of publisher, distributor, etc. | World Bank Publications, |
| Date of publication, distribution, etc. | 2003. |
| 300 ## - PHYSICAL DESCRIPTION | |
| Extent | xxii, 223 p. |
| Other physical details | : ill. |
| Dimensions | ; 25 cm. |
| 500 ## - GENERAL NOTE | |
| General note | Includes Index |
| 650 ## - SUBJECT ADDED ENTRY--TOPICAL TERM | |
| Topical term or geographic name entry element | Economics |
| 942 ## - ADDED ENTRY ELEMENTS (KOHA) | |
| Koha item type | Book |
| Call number prefix | 337.3 WOR |
| Source of classification or shelving scheme | |
| Withdrawn status | Lost status | Damaged status | Not for loan | Collection code | Permanent Location | Current Location | Shelving location | Date acquired | Source of acquisition | Cost, normal purchase price | Full call number | Barcode | Date last seen | Price effective from | Koha item type |
|---|---|---|---|---|---|---|---|---|---|---|---|---|---|---|---|
| Central Library (CL) | Central Library (CL) | General Stacks | 01/19/2004 | Donation | 0.00 | 337.3 WOR | SEECS004174 | 11/14/2012 | 01/05/2017 | Reference |
